000 00591nmm a2200205 a 4500
003 AR-BaBNM
005 20251128211335.0
008 304020n ||||||||||||||000 | spa||
020 _a950-531-164-8
040 _cAR-BaBNM
100 1 _aFranchina, Dora A.
245 1 0 _aGuía de educación física
_bplanificación, notas y materiales, evaluación
260 _aBuenos Aires
_bStadium
_c2000
300 _a88 p.
_bil., cuadros
500 _aNivel inicial
504 _aContiene referencias bibliográficas en p. 88
700 0 _aSelene
_eilustrador
942 _cBK
998 _cEugenia
999 _c19239
_d19239